Development, ethnicity and human rights in South Asia (Record no. 2244)
[ view plain ]
| 000 -LEADER | |
|---|---|
| fixed length control field | 00641nam a2200205Ia 4500 |
| 020 ## - INTERNATIONAL STANDARD BOOK NUMBER | |
| ISBN | 81-7036-682-8 |
| 082 ## - DEWEY DECIMAL CLASSIFICATION NUMBER | |
| Classification number | 305.800954 MAL-; |
| 100 ## - MAIN ENTRY--AUTHOR NAME | |
| Personal name | Mallick, Ross |
| 245 #0 - TITLE STATEMENT | |
| Title | Development, ethnicity and human rights in South Asia |
| 260 ## - PUBLICATION, DISTRIBUTION, ETC. (IMPRINT) | |
| Place of publication | New Delhi |
| Name of publisher | Sage Publications |
| Year of publication | 1998 |
| 300 ## - PHYSICAL DESCRIPTION | |
| Number of Pages | 375p. |
| 504 ## - BIBLIOGRAPHY, ETC. NOTE | |
| Bibliography, etc | Includes index |
| 650 ## - SUBJECT ADDED ENTRY--TOPICAL TERM | |
| Topical Term | South Asia - Economic conditions |
| 650 ## - SUBJECT ADDED ENTRY--TOPICAL TERM | |
| Topical Term | Regional disparities - South Asia |
| 650 ## - SUBJECT ADDED ENTRY--TOPICAL TERM | |
| Topical Term | South Asia - Ethnic relations - Economic aspects |
| 650 ## - SUBJECT ADDED ENTRY--TOPICAL TERM | |
| Topical Term | Economic development - Social aspects |
| 650 ## - SUBJECT ADDED ENTRY--TOPICAL TERM | |
| Topical Term | Human rights - South Asia |
| 650 ## - SUBJECT ADDED ENTRY--TOPICAL TERM | |
| Topical Term | Human rights - South Asia |
| 942 ## - ADDED ENTRY ELEMENTS (KOHA) | |
| Koha item type | Books |
| Withdrawn status | Lost status | Damaged status | Not for loan | Home library | Current library | Date acquired | Bill Date | Full call number | Accession Number | Price effective from | Koha item type | Collection code |
|---|---|---|---|---|---|---|---|---|---|---|---|---|
| NASSDOC Library | NASSDOC Library | 08/06/2004 | 2004-10-05 | 305.800954 MAL-; | 36695 | 18/04/2019 | Books | |||||
| NASSDOC Library | NASSDOC Library | 22/08/2016 | 2005-02-11 | 305.800954 MAL-; | D000308 | 18/04/2019 | Books | Docas Books |
